| 000 | 01157nam a2200301 i 4500 | ||
|---|---|---|---|
| 005 | 20260416114907.0 | ||
| 008 | 260415t20252025my ao br 000 0 chi d | ||
| 020 |
_a9786294981171 _cRM19.95 _qpaperback |
||
| 040 |
_aPPAK _beng _cPPAK _erda |
||
| 082 | 0 | 4 |
_223 _a006.3076 |
| 090 | 0 | 0 |
_a006.3076 _bART _dK |
| 245 | 0 | 0 |
_6880-01 _aAI ren gong zhi neng. _nDi er juan / _cWang Wanliang |
| 246 | 3 | 3 | _aArtificial Intelligence |
| 264 | 1 |
_aJohor Bahru, Johor : _bPenerbitan Pelangi Sdn. Bhd, _c[2025] |
|
| 264 | 4 | _c©2025 | |
| 300 |
_aviii, 80 pages : _bcolour illustrations, colour photographs ; _c26 cm+ _e1 booklet |
||
| 336 |
_atext _2rdacontent |
||
| 337 |
_aunmediated _2rdamedia |
||
| 338 |
_avolume _2rdacarrier |
||
| 500 | _aIncludes questions and exercises. | ||
| 521 | _aRecommended for year 5 and 6. | ||
| 650 | 1 | 0 | _aArtificial intelligence |
| 650 | 2 | 0 |
_aArtificial intelligence _vProblems, exercises, etc. |
| 650 | 2 | 0 |
_aArtificial intelligence _xStudy and teaching (Primary) |
| 700 | 1 |
_aWang, Wanliang, _eeditor. |
|
| 880 | 0 | 0 |
_6245-01/$1 _aAI人工智能. _n第二卷 / 王万良主编 |
| 942 |
_2ddc _cB |
||
| 999 |
_c203864 _d203864 |
||